[Event "Sandnes CC-ch B"]
[Site "Sandnes"]
[Date "2017.05.02"]
[Round "7"]
[White "Gausdal, Stein Tore"]
[Black "Hegre, Kjetil"]
[Result "1/2-1/2"]
[WhiteElo "1605"]
[BlackElo "1298"]
[PlyCount "98"]
[EventDate "2017.02.07"]
[EventType "swiss"]
[EventRounds "7"]
[EventCountry "NOR"]
[SourceTitle "EXT 2024"]
[Source "ChessBase"]
[SourceDate "2023.10.10"]
[SourceVersion "1"]
[SourceVersionDate "2023.10.10"]
[SourceQuality "1"]

1. e4 e5 2. Bc4 Nf6 3. d3 Nc6 4. Nc3 d6 5. Bg5 Be7 6. Qd2 h6 7. Bxf6 Bxf6 8. Nf3 Bg4 9. Nd5 Bxf3 10. gxf3 Nd4 11. Qd1 Bg5 12. c3 Ne6 13. Qb3 c6 14. Ne3 Bxe3 15. fxe3 Qb6 16. Qxb6 axb6 17. 0-0-0 Ke7 18. h4 b5 19. Bb3 Nc5 20. d4 Nxb3+ 21. axb3 exd4 22. exd4 Ke6 23. Kc2 Rhg8 24. Rhg1 Kf6 25. f4 d5 26. exd5 cxd5 27. Rde1 Rge8 28. Re5 Red8 29. Rge1 b6 30. Kd3 Ra2 31. R1e2 Ra1 32. Ke3 Rh1 33. h5 Rh3+ 34. Kf2 Rd6 35. Kg2 Rd3 36. R5e3 Rd1 37. Re5 Re6 38. Kf3 Rd3+ 39. Kg4 Rd1 40. Rg2 Rd6 41. Rf5+ Ke7 42. Re5+ Kf6 43. Rf5+ Ke7 44. Re5+ Kf6 45. Rge2 Rg1+ 46. Kf3 Rf1+ 47. Rf2 Rd1 48. Rfe2 Rf1+ 49. Rf2 Rd1 1/2-1/2

[Event "Sandnes CC-ch B"]
[Site "Sandnes"]
[Date "2016.??.??"]
[Round "6"]
[White "Breiland, John"]
[Black "Gausdal, Stein Tore"]
[Result "1-0"]
[WhiteElo "1617"]
[BlackElo "1614"]
[PlyCount "71"]
[EventDate "2016.02.02"]
[EventType "tourn"]
[EventRounds "7"]
[EventCountry "NOR"]
[SourceTitle "EXT 2024"]
[Source "ChessBase"]
[SourceDate "2023.10.10"]
[SourceVersion "1"]
[SourceVersionDate "2023.10.10"]
[SourceQuality "1"]

1. Nf3 Nf6 2. Nc3 c5 3. e4 d6 4. Bc4 e6 5. d4 cxd4 6. Nxd4 Be7 7. 0-0 0-0 8. f4 Bd7 9. Qe2 Nc6 10. Be3 a6 11. Rad1 Qc7 12. f5 Nxd4 13. Bxd4 e5 14. Bf2 Rac8 15. Bb3 b5 16. Rd3 b4 17. Nd5 Nxd5 18. Rxd5 Bb5 19. Rxb5 axb5 20. Qxb5 Rb8 21. Qd5 Qb7 22. Qd3 Rbc8 23. Kh1 Kh8 24. Be1 Bd8 25. Qxd6 Be7 26. Qd3 f6 27. Rf3 Rfd8 28. Qe2 Bc5 29. Rh3 h6 30. Bd2 Bf8 31. Qg4 Bc5 32. Bxh6 Rd1+ 33. Qxd1 gxh6 34. Rxh6+ Kg7 35. Rg6+ Kf8 36. Rg8+ 1-0

[Event "Sandnes CC-ch B"]
[Site "Sandnes"]
[Date "2016.??.??"]
[Round "1"]
[White "Gausdal, Stein Tore"]
[Black "Nesse, David"]
[Result "1-0"]
[WhiteElo "1614"]
[BlackElo "1616"]
[PlyCount "51"]
[EventDate "2016.02.02"]
[EventType "tourn"]
[EventRounds "7"]
[EventCountry "NOR"]
[SourceTitle "EXT 2024"]
[Source "ChessBase"]
[SourceDate "2023.10.10"]
[SourceVersion "1"]
[SourceVersionDate "2023.10.10"]
[SourceQuality "1"]

1. e4 c5 2. Nf3 Nc6 3. d4 cxd4 4. Nxd4 Nf6 5. Nc3 d6 6. g3 e5 7. Nde2 Be7 8. Bg2 0-0 9. 0-0 a6 10. h3 b5 11. a3 Bb7 12. g4 b4 13. axb4 Nxb4 14. Ng3 d5 15. g5 Ne8 16. exd5 Bxg5 17. Bxg5 Qxg5 18. Nce4 Qg6 19. Nc5 Bc8 20. c3 f5 21. cxb4 f4 22. Qh5 fxg3 23. Qxg6 gxf2+ 24. Rxf2 hxg6 25. d6 Ra7 26. Bd5+ 1-0

[Event "Sandnes CC-ch"]
[Site "Sandnes"]
[Date "2014.02.04"]
[Round "1"]
[White "Baldursson, Hrannar"]
[Black "Gausdal, Stein Tore"]
[Result "1-0"]
[WhiteElo "2147"]
[BlackElo "1502"]
[PlyCount "89"]
[EventDate "2014.02.04"]
[EventType "swiss"]
[EventRounds "7"]
[EventCountry "NOR"]
[SourceTitle "EXT 2017"]
[Source "ChessBase"]
[SourceDate "2016.10.25"]
[SourceVersion "1"]
[SourceVersionDate "2016.10.25"]
[SourceQuality "1"]

1. e4 c5 2. Nf3 e6 3. d4 cxd4 4. c3 Nf6 5. Bg5 d6 6. cxd4 Be7 7. Nbd2 0-0 8. Bd3 e5 9. 0-0 Bg4 10. Qb3 Nbd7 11. Rac1 exd4 12. Bb1 Nc5 13. Qc4 d3 14. Bxf6 Bxf6 15. e5 Be6 16. Qd4 Be7 17. Ne4 Nxe4 18. Qxe4 dxe5 19. Bxd3 g6 20. Nxe5 Bd5 21. Qa4 Bd6 22. Ng4 Bc6 23. Bb5 Bxb5 24. Qxb5 h5 25. Ne3 Qb6 26. Qxb6 axb6 27. a3 Bf4 28. Rc3 Bxe3 29. Rxe3 Rfe8 30. Rfe1 Kf8 31. Kf1 Rxe3 32. Rxe3 Rd8 33. Ke2 Rd7 34. Rd3 Re7+ 35. Kd2 Rc7 36. Re3 Rd7+ 37. Kc3 Kg7 38. Re2 Rc7+ 39. Kd4 Rd7+ 40. Kc4 Kf6 41. Kb5 Rd6 42. b4 g5 43. a4 Rc6 44. h3 Rd6 45. Rc2 1-0